| 000 | 00507nam a2200145Ia 4500 | ||
|---|---|---|---|
| 008 | 100415s9999 xx 000 0 und d | ||
| 082 |
_b21637 _a599.7442(5475) |
||
| 100 | _aGOVERNMENT OF GUJARAT | ||
| 245 | _aThe Gir Lion sanctuary Project: (Donated by Mr. Ranganathan) | ||
| 260 |
_aGANDHINAGAR _c1975 _bGOVT.OF GUJARAT |
||
| 365 | _b1 | ||
| 630 | _aThe Gir Lion sanctuary Project: (Donated by Mr. Ranganathan) | ||
| 730 | _aThe Gir Lion sanctuary Project: (Donated by Mr. Ranganathan) | ||
| 942 | _cBOOK | ||
| 999 |
_c604519 _d604516 |
||